000 02774nam a2200301Ia 4500
999 _c41676
_d41676
001 8350
003 GE_BSU
005 20240502130007.0
008 181216s2013||||ge |||||||||||||| ||geo||
020 _a9789941221828
040 _cGE_BSU
041 _ageo
080 _a332.142(479) გ–41
100 _aგეჩბაია, ბადრი
_922047
245 _aკავკასიის რეგიონის ეკონომიკის პრიორიტეტები და ტენდენციები გლობალიზაციის ხანაში :
_b(კონკურენტუნარიანობა, პრობლემები, გამოწვევები, პერსპექტივები) /
_cბადრი გეჩბაია ; სამეცნ. რედ. გელა მამულაძე ; ბათუმის შოთა რუსთაველის სახელმწ. უნ-ტი, სოციალ. მეცნ., ბიზნ. და სამართალმცოდნ. ფაკ-ტი, ეკონ. პოლიტ. და ბიზნ. ადმინისტრირების დეპარტამენტი.
264 _aთბილისი :
_bუნივერსალი,
_c2013.
300 _a264 გვ. :
_bცხრ., დიაგრ. ;
_c20 სმ.
500 _aდანართები : გვ. 247-257
504 _aბიბლიოგრაფია ტექსტების შენიშვნებსა და გვ. : 237-246
520 _aრეზიუმე რუსულ ენაზე
546 _aთავფურცელი მე-3 გვ. ინგლისურ ენაზე, მე-5 გვ. რუსულ ენაზე
653 _aკავკასიის რეგიონის ეკონომიკის პრიორიტეტები და ტენდენციები გლობალიზაციის ხანაში
653 _aეკონომიკური ზრდა კავკასიაში
653 _aეკონომიკური ინტეგრაცია კავკასიაში
700 _aმამულაძე, გელა
_eრედაქტორი
_922048
710 _aბათუმის შოთა რუსთაველის სახელმწიფო უნივერსიტეტი
_bსოციალ. მეცნ., ბიზნ. და სამართალმცოდნ. ფაკ-ტი, ეკონ. პოლიტ. და ბიზნ. ადმინისტრირების დეპარტამენტი.
_922049
942 _cBK
_2udc